000 00815nam a2200241 i 4500
001 5960
003 ES-MaACL
005 20240531062937.0
007 t|
008 890619s1988 sp ||||1| spa d
020 _a84-306-2521-6
080 _a86.09-1"1939/1980"
100 1 _aPalomo, María del Pilar,
_d1933-
_9144616
245 1 3 _aLa Poesía en el siglo XX
_b: (desde 1939) /
_cPilar Palomo.
260 _aMadrid :
_bTaurus,
_c1988.
300 _a221 p. ;
_c21 cm.
490 1 _aHistoria crítica de la literatura hispánica ;
_v21
500 _aBibliografia.
650 4 _aPoesía española-
_yS.XX-
_xHistoria y crítica.
_916167
830 0 _aHistoria crítica de la literatura hispánica ;
_v21
_9179756
852 _aES-MaACL
_jL-13064
_bR.116230
_z. - rust.
999 _c5960
_d5960